01469naa a22003497a 4500001001000000003000900010005001700019007000300036008003400039040005400073041000900127072002000136090001800156100002400174100001700198100002000215100001800235111008900253245008100342246007200423246006800495260004200563500012800605650001100733650001200744650002100756773012500777909003600902942001400938999001900952952014800971BR8601722BR-BrBNA20240918175647.0ta230509b bl.||||| |||| 00| 0 por d aBR-BrBNAbporcBiblioteca Nacional de Agricultura a(Pt) aH10b1840b3575 aH10 BR86017221 aEsteves, M. do C.F.1 aCunha, R. da1 aLiberal, O.H.T.1 aDorta, A.M.C.1 a2. Encontro Brasileiro de Agricultura AlternativacRio de Janeiro, RJ (Brazil)d19851 aEfeitos da termoterapia em sementes de quiabeiro (Abelmoschys esculentus L.)1 a[Effects of thermoterapy on okra seeds (Abelmoschus esculentus L.)]1 a[Annals of the 2. Brazilian Meeting of Alternative Agriculture]3 aRio de Janeiro, RJ (Brasil): c1985.  aAnais do 2. Encontro Brasileiro de Agricultura Alternativa Rio de Janeiro, RJ (Brasil): 1985. p. 273-275 (BR8601722-AM)H10  aQUIABO aSEMENTE aCONTROLE TERMICO0 tAnais do 2. Encontro Brasileiro de Agricultura AlternativawH10 BR8601722gRio de Janeiro, RJ (Brasil), 1985. p. 273-275 a202404bLuciac55dLucia Elande cAM2AGRIS c317659d317659 002AGRIS40708Acervo Gerala41918b41918cAgrobasel0oM01 BR9000746r2024-05-20t01yAM10d2024-04-11ePortaria Interministerial nÂș 164/94